Até logo, querido! (Registo nº 21187)

Detalhes MARC
000 -Etiqueta do registo
Valores 00448nam a22001931i 4500
090 ## -
-- 21187
100 ## - Dados gerais de processamento
Dados gerais 20170304u u u0frey50 ba
101 0# - Língua de publicação
-- por
200 1# - Titulo e menção de responsabilidade
Título próprio Até logo, querido!
210 ## - Publicação
Nome do editor Bayard
Data de publicação 2005
215 ## - Descrição física 
Paginação / Volumes 23 p.
Outras indicações físicas il.
Dimensões 20 X 19 cm
225 2# - Colecção 
Título próprio da colecção Popi
Indicação de volume 6
606 ## - Nome comum usado como assunto
Palavra de ordem Infantil
ID Autoridade 2402
675 ## - CDU
Notação 087.5
-- 2104
701 #1 - Co-autor principal (pessoa individual)
Apelido Oxenbury
Nome Helen
-- 070
ID Autoridade 2509
702 #1 - Autor secundário (pessoa individual)
Apelido Brum
Nome Lucy
-- 440
801 ## - Fonte de origem
País PT
Regras de catalogação RPC
990 ## - Elementos KOHA
Tipo de documento Livro
Exemplares
Situação do levantamento Estado Biblioteca de origem Biblioteca de empréstimo Localização na Estante Código de barras Cota Permissão de empréstimo Tipo de documento Nota relativa ao exemplar Forma de aquisição
  Completo Biblioteca Municipal de Viana Do Alentejo Biblioteca Municipal de Viana Do Alentejo Depósito 0026053 087.5 POP Disponível Livro cx. 67  




Powered by Koha